Регионална библиотека "Любен Каравелов" - Русе

Infective endocarditis (Запис номер 42984)

MARC детайли
000 -Лидер
Контролно поле с фиксирана дължина 00944nam a2200265 c 4500
003 - Код на организацията, давaща контролен номер
Контролно поле BLK
005 - Дата и час на последна редакция
Контролно поле 20180413122138.0
008 - Елементи от данни с фиксирана дължина
fixed length control field 180408b bul|||||r ||||||| ||bul||
010 ## - Наследен системен номер
LC control number KNG00046668000
020 ## - Международен стандартен номер на книга ISBN
Международен стандартен номер на книга ISBN 0-88167-892-9
-- издат.: Raven Press
040 ## - Източник на каталожния запис
Идентификатор на билиотеката - собственик на записа BLK
041 ## - Код за език
Код за езика на текст/звукозапис или на отделно заглавие Английски
Код за езика КДБФ Английски
080 ## - УДК
Текстов определител УДК Болести на ендокарда - Ендокардит, недостатъчност и стеснение на клапите на сърцето, митрална стеноза, митрална недостатъчност и др.
УДК код - определител по УДК 616.126
УДК определител
УДК - код + определител 616.126
139 ## - Редно поле
Редна дума Infective endocarditis
Авторски знак Inf - I 60
245 10 - Сведения за заглавието
Заглавие Infective endocarditis
250 ## - Област на изданието
Сведения за изданието 2. ed
260 ## - Област на издателските данни
-- New York
Име на издателя, разпространителя и проч. Raven Press
Година на издаване 1992
300 ## - Физическа характеристика
Страници XIV, 497 с.
Илюстрации и др. с ил.
Размери/Мащаб 26 см
380 ## - Жанр
Жанр Медицина
852 ## - Местоположение
Форматна сигнатура Цб ІІ 11127
856 4# - Електронен адрес и достъп
Електронен формат pdf - файл
Път до файла /url/
856 4# - Електронен адрес и достъп
Електронен формат pdf - файл
Път до файла /url/
942 ## - АРТИКУЛИ
Вид на библиотечния материал Книги
Скрит в OPAC Не
944 ## - СЪЗДАВАНЕ И РЕДАКЦИЯ на ЗАПИСА
Създаване/Редакция Създаване
Дата на регистрацията/редакция 01.01.1999
Служител, извършил регистрацията/редакцията Кети_Илиева
944 ## - СЪЗДАВАНЕ И РЕДАКЦИЯ на ЗАПИСА
Създаване/Редакция Редакция
Дата на регистрацията/редакция 17.10.2006
Служител, извършил регистрацията/редакцията
999 ## - СИСТЕМНИ КОНТРОЛНИ НОМЕРА
Koha biblionumber 42984
Koha biblioitemnumber 42984
Наличности
Код за отписване Код за изгубен артикул Източник на класификационната схема Код за повреда Коз за рестрикции Код за отдаване Артикулен № Име на библиотеката - собственик Име на библиотеката, в която се намира в момента Статус (Текущо местоположение) Дата на вписване в системата Местоположение - отдел Цена в лева Инвентарен номер Систематично азбучна сигнатура Баркод Номер на екземпляра Цена в евро Служебна бележка Служебен тип на артикула
  Не е изгубен Universal Decimal Classification Не е повреден без рестрикции ползва се в читалня 67515 Регионална библиотека "Любен Каравелов" Русе Регионална библиотека "Любен Каравелов" Русе Читалня 2001-01-01 Читалня 0.00 663098 Ч 616.1/.4/I 60 120000663098 1 0.00 Дата инв: 20.03.2017 Бележки инв: Ч2017 Книги
Vip Innovations Ltd, Rousse, Bulgaria 2025